000 00974nac a22002897a 4500
001 BR8403698
003 BR-BrBNA
005 20240105120057.0
008 230509b bl.|||m| |||| 00| 0 por d
040 _aBR-BrBNA
_bpor
_cBiblioteca Nacional de Agricultura
072 _aF00; F25
090 _a0120 BR8403698
100 1 _aSilva, N.R. da
100 1 _aOliveira, J.J. de
100 1 _aAlmeida, R.M.A.
110 1 _aCentro de Pesquisa Agropecuaria do Tropico Semi-Arido, Petrolina, PE (Brasil)
245 1 _aDensidade de plantio de milho-doce no submedio Sao Francisco [Brasil]
260 3 _aPetrolina, PE (Brasil):
_c1984.
300 _a3 p.
490 _aPesquisa em Andamento - Centro de Pesquisa Agropecuaria do Tropico Semi-Arido (Brazil)
_vno. 30
_xISSN 0100-6118
650 _aMILHO DOCE
650 _aESPACAMENTO
650 _aADUBACAO
650 _aDENSIDADE DE PLANTIO
909 _a202312
_bLúcia Elande
_c55
_dLúcia Elande
942 _2AGRIS
_n0
_cMS
999 _c277854
_d277854